K životnému jubileu prof. Ing. Rudolfa Šályho, DrSc

Bibliographic Details
Main Author: Križo, Milan, 1928-2021 (Author)
Format: Article
Language:Slovak
Subjects:

MARC

LEADER 00000nab a2200000 a 4500
001 vtls000355886
003 SK-MaSNL
005 20260304080102.0
008 250424c1988 xo 0 slo
015 |a SNBRA19rr/mm-uuuuu 
035 |a CL0356008 
035 |a urn:nbn:sk:snk-aba9fb 
035 |a (urnnbn)urn:nbn:sk:snk:ar-a09lp4 
035 |a (uuid)1c96e7eb-44b9-4dcf-88ef-46a20a1fb495 
040 |a SNKBUCL  |b slo  |c SNKBUCL  |e AACR2 
041 0 |a slo 
044 |a xo  |c SK 
080 |a 630-051  |2 1981 
080 |a 378.124  |2 1981 
080 |a 929 Šály, Rudolf  |2 1981 
100 1 |a Križo, Milan,  |d 1928-2021  |4 aut  |9 116904 
245 1 0 |a K životnému jubileu prof. Ing. Rudolfa Šályho, DrSc  |c Milan Križo ; Rudolf Šály 
500 |a Res. angl., rus., nem. 
600 1 7 |a Šály, Rudolf,  |d 1927-  |2 snkbucl  |9 192319 
655 7 |a články zo zborníkov  |2 snkbucl  |9 166140 
773 0 |t Acta Facultatis forestalis Zvolen 30  |d Bratislava : Príroda, 1988 
850 |a Slovenská národná knižnica 
852 |a Slovenská národná knižnica 
954 |a odborná, vedecká literatúra pôvodná (slovenská)  |2 lita 
958 |a article13 
958 |a BX 
958 |a RK 
958 |a OND 
958 |a EUIPO 
992 |a RZB 
999 |c 2784763  |d 2786693